000 00540nam a2200193Ia 4500
005 20230328084446.0
008 131103s9999 xx 000 0 und d
020 _cRs.125.00
040 _aLoreto College
041 _aEnglish
082 _a891.443
_bMIT
245 _aHarano diner ujjwal galpamala-I
_cEdited by Ashok Kumar Mitra and Parthajit Gangopadhyay
260 _aKolkata
_bShishu Kishore Academy
_c2010
300 _a166p.
650 _aBengali Fiction
700 _aMitra, Ashok Kumar ed.
850 _aLCLIB
942 _cBK
999 _c38595
_d89074